00416 a2200157 450000100060000002000180000604000240002424000160004824500110006430000070007536200090008265000310009194200070012295201120012999900170024146533 a9788576769439 cAnchieta - Aquarius10aBarbielpor10aBarbie a290 a2010 4aLiteratura infanto-juvenil cBK 00104070a87.1bCPLd2023-11-21l1o028.5 BARp4435/AQUr2023-11-21 15:20:05s2023-11-21w2023-11-21yBK c46533d46533